00512nam a2200157Ia 4500008004100000020001800041041000800059082001700067100002700084245003800111250000600149260004200155300001200197999001900209952012600228210716s2012 xx 000 0 und d a9788120339699 aeng a658.404 RAMK aRamakrishna, Kamaraju. aEssentials of project management. a1 aNew DelhibPHI Learning Pvt Ltdc2012 axvi,312 c209847d209847 001040708MBAaAIMITbAIMITd2016-10-18g325.00l0o658.404 RAMKpMBA12413r2026-05-23 00:00:00v250.25w2021-07-16yBK